000
00260nam a2200097Ia 4500
001
806624
005
20250826171215.0
008
250824s9999 xx 000 0 und d
245
0
_a
HASAN SABBAH VE ALAMUT TERÖRÜ
_c
YAŞAR ŞAHİN ANIL
260
_b
PANAMA YAYINLARI
999
_c
806624
_d
806624